| 000 | 02310cam a22006014i 4500 | ||
|---|---|---|---|
| 003 | PE-LiUPU | ||
| 005 | 20250731170440.0 | ||
| 008 | 150625s2005 ag a rb 000 0 spa d | ||
| 020 | _a95053763244 | ||
| 035 | _a(Sirsi) i95053763244 | ||
| 040 |
_aPE-LiUPU _bspa _cPE-LiUPU _dPE-LiUPU _erda |
||
| 049 | _aPRUA | ||
| 082 | 0 | 4 |
_a158.7 _bP85 _221 |
| 100 | 1 |
_aPress, Eduardo, _eautor. |
|
| 245 | 1 | 0 |
_aPsicología de las organizaciones / _cEduardo Press. |
| 264 | 1 |
_aBuenos Aires : _bMachi, _c2005. |
|
| 300 |
_a263 páginas : _bilustraciones ; _c23 centímetros |
||
| 336 |
_atext _2rdacontent |
||
| 337 |
_aunmediated _2rdamedia |
||
| 338 |
_avolume _2rdacarrier |
||
| 504 | _aIncluye referencias bibliográficas. | ||
| 505 | 0 | _aCómo sabemos que sabemos. La definición de la situación -- Cómo conocemos a las personas. La comunicación interpersonal -- Una manera de conocer a las organizaciones. Las organizaciones como sistemas -- Las personas en la organización. La comunicación en la empresa -- El cambio y la estabilidad organizacional -- Manejo de conflictos. Cómo se construyen, cómo se mantienen, se desarman los conflictos -- Las personas que dirigen. La motivación. | |
| 526 | _aSEG68 | ||
| 526 | _aSEG70 | ||
| 526 | _aSEG69 | ||
| 526 | _aSEG67 | ||
| 526 | _aSEG43 | ||
| 526 | _aP144 | ||
| 526 | _aP143 | ||
| 526 | _aP131 | ||
| 526 | _aP122 | ||
| 526 | _aP120 | ||
| 526 | _aP117 | ||
| 526 | _aP112 | ||
| 526 | _aP110 | ||
| 526 | _aP106 | ||
| 526 | _aP101 | ||
| 526 | _aP80 | ||
| 526 | _aP59 | ||
| 526 | _aP54 | ||
| 526 | _aP35 | ||
| 526 | _aP33 | ||
| 526 | _aP30 | ||
| 541 | _g0030-0000140; | ||
| 650 | 0 | 4 |
_aPsicología industrial. _9346 |
| 650 | 0 | 4 | _aSociología industrial. |
| 910 |
_baaj _ceq _d20051028 |
||
| 942 |
_2ddc _cBOOK |
||
| 949 |
_a158.7 P85 _wDEWEY _c1 _i55937 _d2016-10-14 _e2016-10-11 _lCCODEBUL1 _mBUL _n3 _p12.00 _r0 _sY _tBOOK _u2015-6-25 _xFCE _PP08 _0COMPRA _o.STAFF. Colección Ciencias de la Salud |
||
| 994 |
_aC0 _bPEPRU |
||
| 596 | _a1 | ||
| 999 |
_a158.7 P85 _wDEWEY _c44774 _i55937 _d44774 _e2016-10-11 _f2021-11-3 _g6 _lCCODEBUL1 _mBUL _n3 _p12.00 _r0 _sY _tBOOK _u2015-6-25 _xSALUD _zP08 _0COMPRA _o.STAFF. Colección Ciencias de la Salud |
||
| 980 |
_81 _gALBERTO SANCHEZ Responsable de Automatización |
||